| 000 | 00857nam a2200265 i 4500 | ||
|---|---|---|---|
| 003 | DO-SdBNP | ||
| 005 | 20250218125615.0 | ||
| 007 | ta | ||
| 008 | 240709b1974 sp ||||| |||| 00| 0 spa d | ||
| 020 | _a8427003110 | ||
| 040 |
_aDO-SdBNP _bspa _cBNPHU _erda |
||
| 082 | 4 |
_222 _bS588 |
|
| 100 | 1 |
_aSaramago, José, _d1922-2010 _eautor _912950 |
|
| 111 |
_aCongreso de Artistas Abstractos de Puerto Rico _cSanto Domingo : 14 de febrero de 1986-30 de marzo de 1986 _985980 |
||
| 245 | 1 | 0 |
_aLos hijos de nuestros hijos / _cClifford D. Simak |
| 264 | 4 |
_aBarcelona : _bEdiciones Martínez Roca, _c1974. |
|
| 300 |
_a154 páginas ; _c20 cm. |
||
| 336 |
_2rdacontent _atexto _btxt |
||
| 337 |
_2rdamedia _asin mediación _bn |
||
| 338 |
_2rdacarrier _avolumen _bnc |
||
| 490 | _aSuper ficción | ||
| 590 | _aInventariado, 2024/DG | ||
| 910 | _aDG | ||
| 942 |
_2ddc _cLBS1 |
||
| 999 |
_c57226 _d57226 |
||